| 000 | 03310nam a22003377a 4500 | ||
|---|---|---|---|
| 001 | TIGAL 0017 | ||
| 003 | gtcocun | ||
| 005 | 20250922174829.0 | ||
| 006 | a||||gr|||| 00| 0 | ||
| 007 | ta | ||
| 008 | 250922b2019 gt ||||| m||| 00| 0 eng d | ||
| 040 |
_agtcocun _bSPA _cgtcocun _eRDA |
||
| 041 | _aSPA TIGAL 0017 | ||
| 084 | _0TIGAL 0017 | ||
| 100 |
_aDel Valle Reyes, Sofía Anahí _eAutor |
||
| 245 |
_aIMPACTO AMBIENTAL EN LAS COMUNIDADES AQUIL, EL ALFILER Y LA INDEPENDENCIA A CAUSA DEL DESLIZAMIENTO DEL CERRO XICUT UBICADO EN SAN CRISTÓBAL, ALTA VERAPAZ/ _cSofía Anahí Del Valle Reyes. _hImpreso |
||
| 264 |
_aCobán, Alta Verapaz: _bUniversidad de San Carlos de Guatemala, Centro Universitario del Norte, Carrera de Ingeniería en Gestión Ambiental Local _c2019 |
||
| 300 |
_a147 p.: _bIlustraciones, gráficas. _c28 cm; |
||
| 300 | _cPDF | ||
| 336 |
_2rdacontenido _aTexto _btxt |
||
| 337 |
_2rdamedio _aComputadora _bn |
||
| 338 |
_2rdasoporte _aCódigo en línea _bcr |
||
| 502 | _eTIGAL 0017 | ||
| 502 |
_aTesis de grado _bCarrera de Ingeniería en Gestión Ambiental Local, _cUniversidad de San Carlos de Guatemala, Centro Universitario del Norte, Carrera de Ingeniería en Gestión Ambiental Local _d2019 _oTIGAL 0017 |
||
| 520 | 1 | 4 | _aEl presente estudio técnico titulado impacto ambiental en las comunidades Aquil, el Alfiler y la Independencia a causa del deslizamiento del cerro Xicut ubicado en San Cristóbal, Alta Verapaz, está integrado por la descripción de la situación nacional, regional, local y actual del deslizamiento del cerro Xicut, tambien conocido como el derrumbe de los chorros. En la sección metodológica del estudio se utilizó la matriz de operacionalización de variables para identificar los ámbitos sociales y económicos; y la matriz de Leopold para jerarquizar los impactos ambientales ocasionados por el deslizamiento del cerro Xicut, en las comunidades la Independencia, Aquil y el Alfiler. En los resultados se logró identificar que en la comunidad la Independencia, es donde radica el mayor impacto ambiental producido por el deslizamiento del cerro Xicut, ya que en esta zona se perdió cobertura vegetal, cultivos agrícolas y con un gran impacto en la modificación del relieve terrestre, así mismo también la población de las comunidades Aquil y la Independencia, se ven afectadas con la suspensión del suministro de agua entubada, ya que el sistema de captación y distribución de agua se encuentra en la zona del deslizamiento. Como parte de las propuestas esta la conformación del Comité de Operativización de Emergencias a Desastres de las comunidades Aquil, el Alfiler y la Independencia, y la propuesta de la clausura del botadero municipal de San Cristóbal Verapaz, que está ubicado en la comunidad la Independencia. |
| 650 | 1 | 4 |
_2LEMB _aSan Cristóbal Verapaz, Alta Verapaz _xIngeniería en Gestión Ambiental Local _xDeslizamiento _xDerrumbe de los chorros _xImpactos ambientales _xRelieve terrestre _xCapacitación |
| 700 |
_aIng. Geól. Walter Magareth González Veliz _eAsesor |
||
| 856 |
_uhttps://drive.google.com/file/d/1wWDDFGCm3SuyeQexpIMutGkN3DAlBB5E/view _yPDF _zUn ejemplar en línea. |
||
| 942 |
_2ddc _cTES _iTIGAL 0017 _kClasificación _n0 _6TIGAL_0017_000000000000000 |
||
| 999 |
_c2053 _d2053 |
||